|
|
|
|
| LEADER |
00930nas a2200277 u 4500 |
| 001 |
10028114 |
| 003 |
upatras |
| 005 |
20210117195638.0 |
| 008 |
740306s1964 us m p eng |
| 022 |
|
|
|a 0025-6196
|
| 040 |
|
|
|a GR-PaULI
|c GR-PaULI
|
| 041 |
0 |
|
|a eng
|
| 082 |
0 |
4 |
|a 610
|
| 110 |
|
0 |
|a Mayo Clinic
|9 24790
|
| 222 |
|
0 |
|a Mayo clinic proceedings
|b [Περιοδικό]
|
| 245 |
1 |
0 |
|a Mayo clinic proceedings
|h [Περιοδικό]
|
| 260 |
|
|
|a Rochester, MN
|b Mayo Medical Ventures
|
| 310 |
|
|
|a Μηνιαίο
|
| 362 |
0 |
|
|a 58(1983) - 67(1992)
|
| 710 |
2 |
|
|a Mayo Foundation for Medical Education and Research.
|9 24791
|
| 710 |
2 |
|
|a Mayo Association.
|9 24792
|
| 852 |
|
|
|a GR-PaULI
|b ΠΑΤΡΑ
|b ΒΚΠ
|b A
|k ΠΕΡ
|m 946
|t 1
|3 58(1983)-67(1992)
|
| 866 |
|
|
|a 58(1983)-67(1992)
|
| 942 |
|
|
|2 ddc
|s 1
|c JNL
|
| 952 |
|
|
|0 0
|1 0
|4 0
|7 0
|9 21658
|a LISP
|b LISP
|c SER
|d 2016-04-24
|i 946
|l 0
|r 2016-04-24 00:00:00
|t 1
|w 2016-04-24
|y JNL
|
| 999 |
|
|
|c 13008
|d 13008
|